000 00350nam a22001217a 4500
005 20250910135323.0
008 250910b |||||||| |||| 00| 0 eng d
100 _aMYSS CAROLINE
245 _aANATOMY OF THE SPIRIT;
_bTHE SEVEN STGES OF POWER AND HEALING
260 _aNEW YORK
_bCROWN PUBLISHERS INC.
_cc1996
300 _axiv, 302p
942 _2lcc
_cBK
_n0
999 _c7520
_d7520